Online bibliographic databases: a directory and sourcebook (Record no. 1386)

MARC details
000 -LEADER
fixed length control field 00421nam a2200157Ia 4500
020 ## - INTERNATIONAL STANDARD BOOK NUMBER
ISBN 0-85142 167 9
082 ## - DEWEY DECIMAL CLASSIFICATION NUMBER
Classification number RR 025.04025 HAL-;
100 ## - MAIN ENTRY--AUTHOR NAME
Personal name Hall, James L.
245 #0 - TITLE STATEMENT
Title Online bibliographic databases: a directory and sourcebook
250 ## - EDITION STATEMENT
Edition statement 3rd
260 ## - PUBLICATION, DISTRIBUTION, ETC. (IMPRINT)
Place of publication London
Name of publisher Aslib
Year of publication 1983
300 ## - PHYSICAL DESCRIPTION
Number of Pages xiv,383p.
650 ## - SUBJECT ADDED ENTRY--TOPICAL TERM
Topical Term Online bibliographic searching - Directories
700 ## - ADDED ENTRY--PERSONAL NAME
Personal name Brown, Marjorie J.
942 ## - ADDED ENTRY ELEMENTS (KOHA)
Koha item type Books
Holdings
Withdrawn status Lost status Damaged status Not for loan Home library Current library Date acquired Bill Date Full call number Accession Number Price effective from Koha item type
        NASSDOC Library NASSDOC Library 08/06/2004 2008-12-30 RR 025.04025 HAL-; 31000 18/04/2019 Books